My Dream all time 5 for each NBA franchise - Statistics

General Stats
  • This quiz has been taken 29 times
  • The average score is 118 of 150
Answer Stats
Hint Answer % Correct
SG Allen Iverson
96%
SF Julius Erving
96%
PF Karl Malone
96%
SF Kawhi Leonard
96%
PG Kyrie Irving
96%
SF LeBron James
96%
C Shaquille O'Neal
96%
SG Anthony Edwards
92%
PG Damian Lillard
92%
C Deandre Jordan
92%
PG Derrick Rose
92%
SG Donovan Mitchell
92%
C Dwight Howard
92%
SG Dwyane Wade
92%
SF Kevin Durant
92%
PF Kevin Garnett
92%
SF Larry Bird
92%
SG Michael Jordan
92%
C Patrick Ewing
92%
SF Paul George
92%
PG Russell Westbrook
92%
SF Scottie Pippen
92%
PG Trae Young
92%
C Wilt Chamberlain
92%
C Bill Russell
88%
PF Chris Bosh
88%
PG Chris Paul
88%
PG Isiah Thomas
88%
PG Jalen Brunson
88%
SG James Harden
88%
PG Jason Kidd
88%
SF Joe Johnson
88%
PG John Stockton
88%
PG John Wall
88%
C Kareem Abdul-Jabbar
88%
PG Kyle Lowry
88%
PF Larry Johnson
88%
PG Luka Doncic
88%
C Nikola Jokic
88%
SG Reggie Miller
88%
PG Stephen Curry
88%
PF Tim Duncan
88%
PG Tony Parker
88%
PF Anthony Davis
84%
PF Blake Griffin
84%
SG Bradley Beal
84%
C David Robinson
84%
SG David Thompson
84%
SF Demar Derozan
84%
SF Dominique Wilkins
84%
PF Draymond Green
84%
PF Giannis Antetokounmpo
84%
PG Jamal Murray
84%
SF Jayson Tatum
84%
C Joel Embiid
84%
PF Kevin Love
84%
SG Klay Thompson
84%
C Marc Gasol
84%
PG Oscar Robertson
84%
C Pau Gasol
84%
PG Penny Hardaway
84%
PG Steve Nash
84%
SG Tracy McGrady
84%
PG Tyrese Haliburton
84%
SG Clyde Drexler
80%
PF Dennis Rodman
80%
PF Dirk Nowitzki
80%
C Hakeem Olajuwon
80%
SF Jimmy Butler
80%
C Karl Anthony-Towns
80%
PG Kemba Walker
80%
SG Kobe Bryant
80%
PG LaMelo Ball
80%
PG Shai Gilgeous-Alexander
80%
PG Cade Cunningham
76%
SF Carmelo Anthony
76%
PG Ja Morant
76%
PF LaMarcus Aldridge
76%
C Alonzo Mourning
72%
PF Chris Webber
72%
SG CJ McCollum
72%
SG Devin Booker
72%
SF Khris Middleton
72%
C Rudy Gobert
72%
SG Vince Carter
72%
C Wes Unseld
72%
PF Zion Williamson
72%
C Bill Walton
68%
C Dikembe Mutombo
68%
PF Shawn Kemp
68%
C Victor Wembanyama
68%
SF Alex English
64%
PF Amar'e Stoudemire
64%
C Artis Gilmore
64%
C Ben Wallace
64%
PF Elvin Hayes
64%
SF Grant Hill
64%
PF Jaren Jackson Jr.
64%
PG Mike Conley
64%
SF Shawn Marion
64%
C Willis Reed
64%
C Brook Lopez
60%
C DeMarcus Cousins
60%
PG Jrue Holiday
60%
PF Paolo Banchero
60%
SG Ray Allen
60%
C Yao Ming
56%
C Bam Adebayo
52%
SF Bernard King
52%
C Tyson Chandler
52%
PF Al Horford
48%
SF Glen Rice
44%
C Myles Turner
44%
SF Peja Stojakovic
40%
PF Evan Mobley
36%
SF Cooper Flagg
32%
SG Mitch Richmond
32%
SF Lauri Markkanen
28%
SG Victor Oladipo
28%
SF Jamal Mashburn
24%
PF Antawn Jamison
16%
No matching quizzes found
Score Distribution
Percent of People with Each Score
Percentile by Number Answered
Your Score History
You have not taken this quiz